Less Exciting Literature Quiz Stats

 Plays Quiz Updated Dec 14, 2018

     
Support Sporcle.
Go Orange.
Score 0/25 Timer 10:00
2 Plays Today
Lesser Title Actual Title % Correct
To Wound a ThrasherTo Kill a Mockingbird
93.8%
The Cat, The Conjurer, and the CredenzaThe Lion, The Witch and the Wardrobe
89%
Alice's Uneventful Time in MundanetownAlice's Adventures in Wonderland
88.4%
Beelzebub Wears Designer Knock-OffsThe Devil Wears Prada
88%
Miniscule GirlsLittle Women
86%
The Raisins of Mild FrustrationThe Grapes of Wrath
84.4%
Nobleman of the GnatsLord of the Flies
82.7%
Big-Headedness and BiasPride and Prejudice
82.6%
An Anecdote of One MunicipalityA Tale of Two Cities
78.6%
The Middle-Aged Guy and the LakeThe Old Man and the Sea
77.9%
Maiming of a TelemarketerDeath of a Salesman
76.5%
Misbehavior and a Slap on the WristCrime and Punishment
75.1%
Spleen of DuskinessHeart of Darkness
68.8%
Lesser Title Actual Title % Correct
The One MinaretThe Two Towers
61%
The Generally Content Girlfriends of WindsorThe Merry Wives of Windsor
59.2%
In Tepid PhlegmIn Cold Blood
57.2%
Ten Hundred Yards Along the BeachTwenty Thousand Leagues Under the Sea
56.6%
Bloody Nose on the L-TrainMurder on the Orient Express
56.5%
The Two InfantrymenThe Three Musketeers
55.6%
The Boy Who Might Be DukeThe Man Who Would Be King
46.6%
Twenty Months of Not Seeing Many PeopleOne Hundred Years of Solitude
44.1%
Whimper, the Well-Liked ProvinceCry, the Beloved Country
36.6%
A Hundred Adequate PlanetsA Thousand Splendid Suns
32.9%
Limerick on a Pottery FragmentOde on a Grecian Urn
29.1%
The Silent Auction of Item 48The Crying of Lot 49
13.3%

From the Vault

Polytheistic Religions by God

by ffi

If you are considering taking up one of these religions, it might help to actually know who you worship...just saying.
Remove Ads.
Support Sporcle.
Get the best of Sporcle when you Go Orange. This ad-free experience offers more features, more stats, and more fun while also helping to support Sporcle. Thank you for becoming a member.

Show Comments

Extras

Top Quizzes Today


Score Distribution

Your Account Isn't Verified!

In order to create a playlist on Sporcle, you need to verify the email address you used during registration. Go to your Sporcle Settings to finish the process.

Report this User

Report this user for behavior that violates our Community Guidelines.

Details: